00396nam a2200145Ia 4500008004100000020001800041041000800059082001800067100002300085245004500108250000600153260004200159300001400201650003500215210716s2009 xx 000 0 und d a9788120336148 aeng a658.4038 MOHS aMohapatra, Sanjay. aCases in management information systems. a1 aNew DelhibPHI Learning Pvt Ltdc2009 axiii, 250 aManagement Information Systems